Football : Les scores des matchs du PSG saison 2024/2025 - Statistiques

Statistiques générales
  • Ce quiz a été pris 119 fois
  • Le résultat moyen est 47 sur 67
Statistiques - réponses
Enjeu du match Adversaire Score % Correct
Ligue des Champions Girona (Dom) 1-0
85%
Ligue des Champions Arsenal (Ext) 2-0
81%
CDM des Clubs Chelsea (Ext) 3-0
81%
Ligue des Champions Inter Milan (Dom) 5-0
81%
Ligue des Champions Bayern Munich (Ext) 1-0
80%
Ligue des Champions Arsenal (Dom) 2-1
79%
Ligue des Champions Manchester City (Dom) 4-2
79%
Ligue des Champions Brest (Dom) 7-0
79%
Ligue des Champions Brest (Ext) 0-3
78%
Ligue des Champions Atlético Madrid (Dom) 1-2
78%
Ligue des Champions Arsenal (Ext) 0-1
76%
Ligue des Champions Liverpool (Ext) 0-1 (TAB : 1-4)
76%
Trophée des Champions Monaco (Dom) 1-0
76%
Ligue des Champions PSV Eindhoven (Dom) 1-1
76%
Coupe de France Reims (Dom) 3-0
76%
CDM des Clubs Botafogo (Dom) 0-1
75%
Ligue 1 marseille (Ext) 0-3
75%
Ligue des Champions Aston Villa (Dom) 3-1
75%
Ligue des Champions Aston Villa (Ext) 3-2
75%
CDM des Clubs Atlético Madrid (Dom) 4-0
75%
Ligue des Champions Liverpool (Dom) 0-1
74%
CDM des Clubs Bayern Munich (Dom) 2-0
74%
CDM des Clubs Real Madrid (Dom) 4-0
74%
Ligue des Champions Salzbourg (Ext) 0-3
73%
Ligue 1 Reims (Ext) 1-1
73%
Ligue 1 Brest (Dom) 3-1
73%
Ligue 1 Lens (Dom) 1-0
71%
Ligue des Champions Stuttgart (Ext) 1-4
71%
CDM des Clubs Inter Miami (Dom) 4-0
71%
Ligue 1 Montpellier (Dom) 6-0
71%
Ligue 1 Nice (Ext) 1-1
70%
Coupe de France Lens (Ext) 1-1 (TAB : 3-4)
70%
Ligue 1 Le Havre (Ext) 1-4
70%
Coupe de France Dunkerque (Ext) 2-4
70%
Ligue 1 Marseille (Dom) 3-1
70%
Amical RB Leipzig (Ext) 1-1
69%
Ligue 1 Reims (Dom) 1-1
69%
Ligue 1 Lille (Ext) 1-3
69%
Amical Sturm Graz (Ext) 2-2
69%
Ligue 1 Toulouse (Dom) 3-0
69%
Ligue 1 Rennes (Dom) 3-1
68%
Ligue 1 Strasbourg (Dom) 4-2
68%
CDM des Clubs Seattle Sounders (Ext) 0-2
66%
Ligue 1 Strasbourg (Ext) 2-1
66%
Ligue 1 Lyon (Ext) 2-3
66%
Coupe de France Espaly-Saint-Marcel (Ext) 2-4
66%
Coupe de France Le Mans (Ext) 0-2
65%
Ligue 1 Nantes (Dom) 1-1
65%
Ligue 1 Nice (Dom) 1-3
65%
Ligue 1 Angers (Dom) 1-0
64%
Ligue 1 Saint-Etienne (Dom) 2-1
64%
Ligue 1 Le Havre (Dom) 2-1
64%
Ligue 1 Angers (Ext) 2-4
64%
Ligue 1 Lyon (Dom) 3-1
64%
Ligue 1 Monaco (Dom) 4-1
64%
Ligue 1 Toulouse (Ext) 0-1
63%
Ligue 1 Lille (Dom) 4-1
63%
Ligue 1 Auxerre (Ext) 0-0
61%
Ligue 1 Nantes (Ext) 1-1
61%
Ligue 1 Lens (Ext) 1-2
61%
Ligue 1 Montpellier (Ext) 1-4
61%
Ligue 1 Monaco (Ext) 2-4
61%
Ligue 1 Auxerre (Dom) 3-1
61%
Ligue 1 Rennes (Ext) 1-4
60%
Ligue 1 Saint-Etienne (Ext) 1-6
58%
Ligue 1 Brest (Ext) 2-5
56%
Coupe de France Stade Briochin (Ext) 0-7
48%
Aucun quiz correspondant
Distribution des résultats
% des personnes avec chaque résultat
Percentile par nombre de réponses
Votre historique - résultats
Vous n’avez pas pris ce quiz